000
00245nam a2200097Ia 4500
001
953541
005
20250826215728.0
008
250824s9999 xx 000 0 und d
245
0
_a
SİNİRLİ BALIKÇI
_c
ZAFER İŞÇİ
260
_b
AKVARYUM YAYINLARI
999
_c
953541
_d
953541